[Event "Memorial A.Rubinstein (cat.13)"]
[Site "masterchessopen.com Polanica Zdroj (Poland)"]
[Date "2006.08.27"]
[Round "8"]
[White "Kempinski Robert (POL)"]
[Black "Bobras Piotr (POL)"]
[Result "1-0"]
[WhiteElo "2590"]
[BlackElo "2527"]

{ Kempinski Robert (POL) +3 =1 -0 Bobras Piotr (POL) +0 =0 -2 Kempinski Robert
(POL)-Bobras Piotr (POL) +1 =0 -0 } 1.d4 Nf6 2.c4 g6 3.g3 Bg7 4.Bg2 d5 5.cxd5
Nxd5 6.e4 Nb6 7.Ne2 c5 8.d5 e6 9.O-O O-O { = } ( 9...exd5 10.exd5 O-O 11.Nec3
Na6 12.Nd2 Bf5 13.Nde4 Qd7 14.Bh6 Rad8 15.Bg5 f6 16.Be3 Nc4 17.Bxc5 Nxc5
18.Nxc5 Qc8 19.Qd4 Nxb2 20.Nb5 b6 21.Qxb2 Qxc5 22.Rac1 Qe7 23.Rfe1 Qf7 24.Rc7
Rd7 25.Nd6 { 1-0, Grabarczyk Miroslaw 2506 - Bobras Piotr 2441 , Warsaw 2002
Ch Poland } ) 10.Nbc3 ( 10.Nec3 Na6 ( 10...exd5 11.exd5 Na6 12.Na3 Bf5 13.Be3
Qd7 14.Re1 Rfe8 15.Qd2 Nc8 16.Bf4 Nd6 17.Bxd6 Qxd6 18.Nab5 Qd7 19.d6 Nb4
20.Nc7 Rxe1+ 21.Rxe1 Rd8 22.Bxb7 { 1/2-1/2, Dautov Rustem 2623 - Holzke Frank
2492 , Germany 13.11.2004 Bundesliga 2004/05 } ) 11.a4 exd5 12.exd5 Nc4 (
12...Bf5 13.Na3 Nb4 14.Be3 Rc8 15.d6 Bd3 16.a5 Nd7 17.Bxb7 Ne5 18.Re1 Qxd6
19.Bxc8 Qc6 20.Bg4 h5 21.Bh6 hxg4 22.Rxe5 Bxh6 23.Qxg4 Bg7 24.Ree1 Bf5 25.Qc4
Nd3 26.Nd5 Kh7 27.Re3 Nxb2 28.Qh4+ Bh6 29.Ne7 Qd7 { ...1-0, Kempinski Robert
2545 - Bobras Piotr 2441 , Warsaw 2002 Ch Poland } ) 13.Nd2 Nxd2 14.Bxd2 Bf5
15.Be3 Qd7 16.Qb3 Rac8 17.d6 Nb4 18.Bxc5 Nc2 19.Bxa7 Nxa1 20.Rxa1 Qxd6 21.a5
Be6 22.Qxb7 Bxc3 23.bxc3 Rxc3 24.Qb2 Rd3 25.h4 Rc8 26.Kh2 Bd5 27.Be3 Bxg2
28.Kxg2 Qd5+ 29.Kh2 Rb3 { ...1/2-1/2, Kempinski Robert 2586 - Brkic Ante 2526
, Kusadasi 14. 4.2006 Ch Europe } ) 10...Na6 ( 10...exd5 11.Nxd5 Bg4 12.h3
Bxe2 13.Qxe2 Nc6 14.Qb5 Nxd5 15.exd5 Nd4 16.Qxc5 Ne2+ 17.Kh1 Nxc1 18.Raxc1 Be5
19.Rfd1 Bd6 20.Qd4 Re8 21.Bf3 Qe7 22.Kg2 Qe5 23.Qa4 Qf6 24.Qb5 Re7 25.Re1 Kg7
26.Rxe7 Qxe7 27.Rc2 Rb8 28.Qa4 a6 29.Qd4+ Qf6 30.Qb6 { ...1/2-1/2, Dautov
Rustem 2623 - Bologan Viktor 2669 , Calvia 20.10.2004 Olympiad } ) 11.Nf4 (
11.Qb3 c4 12.Qa3 exd5 13.exd5 Re8 14.Rd1 Bf5 15.d6 Qd7 16.Bg5 f6 17.Be3 Rad8
18.Nf4 Kh8 19.h3 g5 20.Nh5 Bxh3 21.Nxg7 Kxg7 22.Bh1 Bf5 23.Nd5 Qxd6 24.Ne7
Qxa3 25.Nxf5+ Kg6 26.bxa3 Kxf5 27.Bxb7 Nc7 28.Bc6 Rxd1+ 29.Rxd1 Re5 30.a4 Ncd5
{ ...1-0, Li Manuel 2308 - Hernandez Ronel 2104 , Cuba 1999 Ch Provincial (1/2
final) } ) 11...e5 ( 11...Bd7 { +0.15 CAP } ) 12.Nh3 ( 12.Nd3 c4 13.Ne1 Bd7
14.f4 exf4 15.Bxf4 Nc5 16.Qd2 Nba4 17.Rc1 Nxc3 18.bxc3 Re8 19.e5 Bxe5 20.Bxe5
Rxe5 21.Nf3 Re8 22.Qd4 Nd3 23.Rb1 b5 24.a4 a6 25.Nd2 f5 26.d6 Rb8 27.Nxc4 Be6
28.Ne3 Rb6 29.d7 Re7 30.Nd5 { 1-0, Wojtaszek Radoslaw 2606 - Kovchan Alexander
2504 , Warsaw 25. 6.2005 Ch Europe } ) 12...Bd7 { +0.41 CAP N } ( 12...Nc4
13.Ng5 ( 13.Qe2 Nd6 14.Be3 ( 14.f4 exf4 15.Bxf4 Re8 16.e5 Nf5 17.Rae1 Nb4
18.Qd2 c4 19.Nf2 Qb6 20.Na4 { 1/2-1/2, Wexler Francisco - Pilnik Herman 2400 ,
Mar del Plata 1953 It } ) 14...b6 15.b3 Nc7 16.Qd2 Ba6 17.Rfe1 Ncb5 18.Nxb5
Bxb5 19.Bh6 Bd7 20.Bxg7 Kxg7 21.Ng5 h6 22.Nf3 f6 23.h3 Qe7 24.Kh2 Rfc8 25.Rac1
Rc7 26.Ng1 Bc8 27.f4 Bb7 28.fxe5 fxe5 29.Nf3 Re8 30.Qb2 Ba6 31.Qd2 Bb7 32.Qb2
{ ...1/2-1/2, Szabados Eugenio - Muller Hans, Venice 1949 } ) 13...h6 14.Nf3
Bd7 15.b3 Nd6 16.Be3 f5 17.Rc1 b6 18.Re1 Nc7 19.Bd2 Re8 20.Nh4 Kh7 21.exf5
Bxf5 22.Nxf5 { 1/2-1/2, Grabarczyk Miroslaw 2451 - Shishkin Vadim 2529 ,
Mielno 26. 6.2006 It "Perla Baltyku" } ) 13.Qe2 c4 14.Be3 Rc8 15.Ng5 Nc5
16.Nf3 Nba4 17.Nxa4 Nxa4 18.Rfc1 b5 19.Bxa7 f5 20.Be3 f4 21.gxf4 Bg4 22.Qd2
Bxf3 23.Bxf3 Nc5 24.Bxc5 Rxc5 25.f5 Qh4 26.Qe2 Bh6 27.Rc3 Bf4 28.Bg2 Qxh2+
29.Kf1 Qh4 30.Rd1 Rc7 31.a4 gxf5 32.Rh3 Qf6 { ?! } ( 32...Qg4 { !? } 33.exf5
Qxe2+ 34.Kxe2 Rg7 35.Kf1 bxa4 36.d6 Rd8 37.Bc6 e4 38.d7 Be5 39.Rd2 { } )
33.axb5 Rg7 34.Qh5 { ? } ( 34.d6 Kh8 35.Bf3 Qe6 36.exf5 Qxf5 37.Rh5 Qe6 38.b6
e4 39.Qxe4 Qxe4 40.Bxe4 Be3 41.Bf5 { } ) 34...fxe4 { ? } ( 34...Qb6 35.d6 Qxb5
36.Qe2 Kh8 37.exf5 Rxf5 38.Rh1 Rf8 39.Be4 h6 40.Rg1 Rxg1+ 41.Kxg1 Qd7 { } )
35.Bxe4 h6 36.d6 Rg5 37.Qf3 Qg7 38.Ke2 Rd8 39.b6 Qf6 40.b7 Rg7 41.Rh5 Kh8
42.Qh3 Rgg8 43.Qf5 { } {#r} 1-0

[Event "Ch Czech Republic (1/2 final)"]
[Site "masterchessopen.com Havlickuv Brod (Czech Republic)"]
[Date "2006.10.01"]
[Round "9"]
[White "Jirka Jiri (CZE)"]
[Black "Priborsky Ivo (CZE)"]
[Result "1-0"]
[WhiteElo "2345"]
[BlackElo "2356"]

1.d4 Nf6 2.c4 g6 3.g3 Bg7 4.Bg2 d5 5.cxd5 Nxd5 6.e4 Nb6 7.Ne2 O-O 8.O-O Nc6
9.d5 Na5 10.Qe1 Nac4 11.Nbc3 e6 12.b3 Ne5 13.Ba3 Re8 14.dxe6 Bxe6 15.Rd1 Qc8
16.Nf4 Bd7 17.Qd2 Bc6 18.Qc2 Qg4 19.h3 Qg5 20.Nfd5 Bxd5 21.exd5 Qf6 22.Nb5
Nf3+ 23.Kh1 Rec8 24.Nxc7 Nd4 25.Qc5 Rab8 26.d6 Nf5 27.Qa5 Qg5 28.Qxa7 Nd7
29.Bc1 Qd8 30.Qa4 Nxd6 31.Rxd6 Rxc7 32.Rfd1 Qc8 33.Bf4 Nc5 34.Qb5 Re7 35.R6d5
Qc7 36.Rc1 {#r} 1-0

[Event "Ch Finland (team) 2006/07"]
[Site "masterchessopen.com Finland"]
[Date "2006.11.19"]
[Round "5"]
[White "Issakainen Ari (FIN)"]
[Black "Maki Veijo (FIN)"]
[Result "0-1"]
[WhiteElo "2235"]
[BlackElo "2400"]

1.d4 Nf6 2.c4 g6 3.g3 Bg7 4.Bg2 d5 5.cxd5 Nxd5 6.e4 Nb6 7.Ne2 O-O 8.O-O Na6
9.Nbc3 c5 10.d5 e6 11.Bf4 exd5 12.exd5 Re8 13.h3 g5 14.Bc1 Bf5 15.g4 Bg6 16.a3
c4 17.Be3 Rxe3 18.fxe3 Nc5 19.Nd4 Nd3 20.Qd2 Qe7 21.Nf5 Bxf5 22.Rxf5 h6
23.Raf1 Rf8 24.Kh1 Nd7 25.Nb5 N7c5 26.d6 Qd7 27.Nd4 Qxd6 28.Rd5 Qb6 29.Nf5
Qxb2 30.Nxh6+ Kh7 31.Qxb2 Bxb2 32.Nxf7 c3 33.Rxd3 Nxd3 34.Be4+ Kg7 35.Bxd3
Rxf7 36.Rxf7+ Kxf7 37.Kg2 Bxa3 38.Kf3 Kf6 39.Ke4 Bc5 40.Bc2 b5 41.Kd3 Bb4
42.Kd4 a5 43.Kd3 a4 44.Bb1 Ba5 45.Bc2 Ke5 46.Bb1 Kd6 47.Bc2 Kc5 48.Bd1 Kb4
{#R} 0-1

[Event "Bundesliga B West 2006/07"]
[Site "masterchessopen.com Austria"]
[Date "2006.12.03"]
[Round "5"]
[White "Dovzik Juri (UKR)"]
[Black "Hugentobler Patrick (SUI)"]
[Result "1-0"]
[WhiteElo "2430"]
[BlackElo "2240"]

1.d4 Nf6 2.c4 g6 3.g3 Bg7 4.Bg2 d5 5.cxd5 Nxd5 6.e4 Nb6 7.Ne2 O-O 8.O-O Nc6
9.d5 Na5 10.Nbc3 c6 11.b3 cxd5 12.exd5 e6 13.Ba3 Re8 14.d6 Bd7 15.Rc1 Bc6
16.Ne4 Bxe4 17.Bxe4 Rc8 18.Qd2 Nc6 19.Rfd1 Qd7 20.Bc5 Bf8 21.a4 Rcd8 22.Nc3
Na5 23.Qa2 Nc8 24.Nb5 Nc6 25.Nc7 Nxd6 26.Nxe8 Qxe8 27.Bxc6 bxc6 28.Bxa7 Nf5
29.Qe2 Rd5 30.Rxd5 cxd5 31.Qb5 Qa8 32.Qb8 {#r} 1-0

[Event "It (open)"]
[Site "masterchessopen.com Litomysl (Czech Republic)"]
[Date "2006.12.27"]
[Round "2"]
[White "Dydyshko Viacheslav (BLR)"]
[Black "Toma Katarzyna (POL)"]
[Result "1-0"]
[WhiteElo "2562"]
[BlackElo "2268"]

1.d4 Nf6 2.c4 g6 3.g3 Bg7 4.Bg2 d5 5.cxd5 Nxd5 6.e4 Nb6 7.Ne2 Nc6 8.d5 Na5
9.O-O c6 10.Nbc3 cxd5 11.exd5 Nac4 12.a4 a5 13.b3 Nd6 14.h3 O-O 15.Ba3 Re8
16.Rc1 Bh6 17.Rc2 Bf5 18.Ra2 Nbc8 19.Re1 Qb6 20.Nd4 Bd7 21.Nf3 Bg7 22.Ne5 Qc7
23.Rc2 Bf5 24.Rc1 Qd8 25.Bf1 Nb6 26.Qd2 Rc8 27.f4 Bd7 28.Kh2 h5 29.Bg2 Na8
30.Ne4 Bf5 31.Nxd6 exd6 32.Rxc8 Bxc8 33.Nc4 Rxe1 34.Qxe1 b6 35.Bxd6 Ba6 36.Qe7
Bf6 37.Qxd8+ Bxd8 38.Ne5 Bb7 39.Ba3 {#r} 1-0

[Event "Cup City"]
[Site "masterchessopen.com Ufa (Russia)"]
[Date "2007.01.20"]
[Round "6"]
[White "Gazizov Iljas (RUS)"]
[Black "Glidzhain Gor (RUS)"]
[Result "1-0"]
[WhiteElo "2184"]
[BlackElo "2194"]

1.d4 Nf6 2.c4 g6 3.g3 Bg7 4.Bg2 d5 5.cxd5 Nxd5 6.e4 Nb6 7.Ne2 O-O 8.O-O Nc6
9.d5 Na5 10.Nbc3 c6 11.a4 cxd5 12.exd5 Bg4 13.h3 Bd7 14.b3 Qc8 15.Ba3 Bxh3
16.Bb4 Bxg2 17.Kxg2 Nc6 18.dxc6 Qxc6+ 19.Kg1 a5 20.Bxe7 Rfe8 21.Bg5 Bxc3
22.Rc1 Nd5 23.Bd2 Rad8 24.Nxc3 Nxc3 25.Rxc3 Qd5 26.Rc2 Qxb3 27.Qb1 Qxa4 28.Bh6
Rd3 29.Rc7 Qd4 30.Bf4 g5 31.Qb5 Qd8 32.Bxg5 Rd5 33.Rc5 Rxc5 34.Qxc5 f6 35.Bf4
Re6 36.Qc4 Kf7 37.Qc2 Kg7 38.Rd1 Qe7 39.Kg2 Re1 40.Rd4 Qe6 41.Rd6 Qe7 42.Qd3
Qe4+ 43.Qxe4 Rxe4 44.Rd7+ Kg6 45.Rxb7 a4 46.Kf1 Rc4 {#r} 1-0

[Event "It (open)"]
[Site "masterchessopen.com Nova Gorica (Slovenia)"]
[Date "2007.01.27"]
[Round "4"]
[White "Sebenik Matej (SLO)"]
[Black "Miletic Dean (SLO)"]
[Result "1-0"]
[WhiteElo "2480"]
[BlackElo "2185"]

1.d4 Nf6 2.c4 g6 3.g3 Bg7 4.Bg2 d5 5.cxd5 Nxd5 6.e4 Nb6 7.Ne2 c5 8.d5 e6 9.O-O
O-O 10.Nec3 Na6 11.a4 exd5 12.exd5 Nb4 13.Na3 Bf5 14.Be3 Bd3 15.Bxc5 Bxf1
16.Qxf1 a5 17.Bxf8 Bxf8 18.Nab5 Nc8 19.d6 Nxd6 20.Rd1 Qb6 21.Nxd6 Bxd6 22.Qb5
Bc5 23.Qxb6 Bxb6 24.Rd7 Rc8 25.Rxb7 Bd4 26.Bf1 h6 27.Kg2 Rc5 28.Rd7 Be5 29.Ne4
Rc7 30.Rd8+ Kg7 31.b3 Re7 32.Ra8 Bc7 33.Nd2 Re5 34.Nc4 Rc5 35.Ra7 Kf6 36.Ne3
Ke7 37.Bb5 Kd8 38.Ra8+ Ke7 39.Nc4 Nd5 40.Nxa5 Rc2 41.Nc4 Rc3 42.Re8+ Kf6
43.Rc8 Be5 44.Rc6+ Kf5 45.Nxe5 {#r} 1-0

[Event "It (open) \"]
[Site "masterchessopen.com Moscow (Russia)"]
[Date "2007.02.15"]
[Round "2"]
[White "Akopian Vladimir (ARM)"]
[Black "Safarli Eltaj (AZE)"]
[Result "1-0"]
[WhiteElo "2713"]
[BlackElo "2488"]

{ Akopian Vladimir (ARM) +2 =0 -0 } 1.d4 Nf6 2.c4 g6 3.g3 Bg7 4.Bg2 d5 5.cxd5
Nxd5 6.e4 Nb6 7.Ne2 O-O 8.O-O { = } 8...Nc6 ( 8...c6 9.Nbc3 Na6 10.Bf4 Nc7
11.b3 f5 12.f3 Be6 13.Qd2 Qd7 14.Rad1 Rad8 15.Qe3 Kh8 16.h4 fxe4 17.fxe4 Bg4
18.Bh6 Ne6 19.d5 cxd5 20.exd5 Bxh6 21.Qxh6 Ng7 22.Nf4 Kg8 23.Rde1 e6 24.Qg5
Bf5 25.g4 e5 26.Rxe5 Qc7 27.Re3 Qc5 28.Qe7 { ...1/2-1/2, Rausis Igors 2478 -
Abergel Thal 2365 , Evry 2002 It (a) } ) ( 8...e5 9.d5 { 1/2-1/2, Grabarczyk
Miroslaw 2480 - Krasenkow Michal 2645 , Sopot 1997 Ch Poland } ) ( 8...c5 9.d5
e6 10.Nec3 exd5 11.exd5 N8d7 12.Ne4 Nf6 13.Nbc3 Nbd7 14.Re1 Nxe4 15.Nxe4 Qb6
16.d6 Ne5 17.Bg5 Bg4 18.f3 Bf5 { 1/2-1/2, Hulak Krunoslav 2530 - Jukic Mirko
2455 , Pula 1992 Cup Croatia } ) 9.d5 Na5 10.Nbc3 ( 10.Qd2 Nac4 11.Qc2 Bd7
12.Nbc3 c6 13.dxc6 Bxc6 14.Rd1 Qe8 15.b3 Nd6 16.Nd4 Rc8 17.Bb2 Nb5 18.Ncxb5
Bxb5 19.Qd2 Ba6 20.Bh3 Rd8 21.Qe3 e6 22.a4 Nc8 23.Ba3 Ne7 24.Rac1 Qd7 25.e5
Rfe8 26.Qe1 Nd5 27.Bd6 Bf8 28.Nxe6 fxe6 29.Rxd5 Bh6 { ...1-0, Osnos
Viatcheslav 2540 - Karasev Vladimir I 2387 , Leningrad 1971 Ch Leningrad } )
10...c6 11.Re1 ( 11.b3 cxd5 12.exd5 Bg4 13.Bd2 e6 14.dxe6 Bxe6 15.Ne4 Nc6
16.Bg5 Qxd1 17.Raxd1 h6 18.Be3 Rad8 19.Nd6 Bg4 20.f3 Bc8 21.Bc5 Bf6 22.f4 Bg4
23.Ne4 Bxe2 24.Nxf6+ Kg7 25.Rxd8 Rxd8 26.Re1 Rd2 27.Ne8+ Kg8 28.Nd6 Nd7 29.Be3
Rxa2 30.Bd5 Nd8 { ...1-0, Kasparov Garry 2851 - Kasimdzhanov Rustam 2603 ,
Wijk aan Zee 1999 It (cat.17) } ) 11...cxd5 ( 11...Re8 12.b3 Bg4 13.Bd2 Bxe2
14.Rxe2 e6 15.dxe6 Rxe6 16.Rc1 Rd6 17.Qe1 Nd7 18.Nb5 cxb5 19.Bxa5 b6 20.e5
Nxe5 21.Rxe5 Bxe5 22.Qxe5 Rd1+ 23.Rxd1 Qxd1+ 24.Be1 Rc8 25.Qe3 Rc1 26.Kf1 Ra1
27.Bf3 Qb1 28.g4 Qxa2 29.Bd5 Qb1 30.Qe8+ Kg7 31.Qxf7+ { ...1-0, Supatashvili
Khvicha 2480 - Ibragimov Alibek 2430 , Ekaterinburg 1997 Cup Russia (open) } )
( 11...e6 12.Nf4 e5 13.Nd3 Re8 14.Nb4 Bd7 15.b3 Bf8 16.Nc2 Nc8 17.Be3 c5 18.f4
f6 19.fxe5 fxe5 20.Rf1 b6 21.d6 Bxd6 22.Nd5 Rf8 23.Qd2 Be6 24.Bg5 Rxf1+
25.Rxf1 Ne7 26.Nf6+ Kh8 27.Ne8 Qxe8 28.Qxd6 Nec6 29.Ne3 h6 30.Bf6+ Kh7 31.Nd5
{ ...1/2-1/2, Akesson Joel 2245 - Pribyl Josef 2403 , Pelaro 2002 It (open) }
) ( 11...Nac4 12.dxc6 bxc6 13.Qc2 Qc7 14.b3 Nd6 15.Be3 Bb7 16.Rac1 c5 17.Nd5
Bxd5 18.exd5 c4 19.Nd4 Qd7 20.Nc6 cxb3 21.axb3 Rfe8 22.Bf4 Rac8 23.h4 Nf5
24.Qd2 h5 25.Rcd1 e6 26.dxe6 Qxd2 27.exf7+ Kxf7 28.Bxd2 Nd4 29.Nxa7 Rxe1+
30.Rxe1 Rc7 31.Ba5 { ...1-0, Jobava Baadur 2480 - Atakisi Umut 2258 , Yerevan
2000 Zt } ) 12.exd5 e6 ( 12...Nac4 13.b3 Nd6 ( 13...Ne5 { +0.11 CAP } ) 14.Bf4
Nd7 15.Rc1 Nf6 16.h3 Bd7 17.Nd4 Rc8 18.Qe2 Re8 19.Be5 { 1/2-1/2, Kiseleva
Natalia 2323 - Kopylova Lyubov 2192 , Rodewisch 2000 It (open) (w) } ) 13.Nf4
e5 14.Nd3 Nac4 { ?! } ( 14...Nbc4 { !? } 15.Qc2 Bf5 16.g4 Bxd3 17.Qxd3 Nd6
18.b3 e4 19.Bxe4 Nxe4 20.Rxe4 f5 { } ) 15.b3 e4 16.Nxe4 Bxa1 17.bxc4 Bg7
18.Qb3 Bf5 19.Bg5 f6 20.Bf4 { +0.98 CAP } 20...Bxe4 { N } ( 20...g5 21.Bd2 Kh8
22.Bb4 Re8 23.Nd6 Rxe1+ 24.Nxe1 Qd7 25.c5 a5 26.Bc3 Na4 27.Bd4 Qe7 28.Nxf5
Qxe1+ 29.Bf1 Qb4 30.Qe3 { 1-0, Akopian Vladimir 2600 - Shmuter Leonid 2468 ,
St. Petersburg 1993 Memorial M.Chigorin } ) 21.Bxe4 g5 22.Bd2 f5 23.Bf3 Rc8
24.c5 Nd7 25.Bb4 f4 26.d6+ Kh8 27.Bxb7 fxg3 28.hxg3 Rb8 29.c6 Qf6 30.Re7 Qf3
31.Bc3 Bxc3 32.Qxc3+ Nf6 33.d7 Kg8 34.Qb3+ Kh8 35.c7 { } {#r} 1-0

[Event "It (cat.3)"]
[Site "masterchessopen.com Nancy (France)"]
[Date "2007.02.21"]
[Round "4"]
[White "Dovzik Juri (UKR)"]
[Black "Spielmann Alain (FRA)"]
[Result "1-0"]
[WhiteElo "2375"]
[BlackElo "2273"]

1.d4 Nf6 2.c4 g6 3.g3 Bg7 4.Bg2 d5 5.cxd5 Nxd5 6.e4 Nb6 7.Ne2 O-O 8.Nbc3 Nc6
9.d5 Na5 10.O-O c6 11.b3 cxd5 12.exd5 Bg4 13.Bd2 e6 14.dxe6 Nc6 15.Qe1 fxe6
16.h3 Bf3 17.Nf4 Nd4 18.Nxe6 Qd7 19.Nxg7 Kxg7 20.Qe5+ Kg8 21.Be3 Nc6 22.Qc5
Rf5 23.Qa3 Raf8 24.Rad1 Qc8 25.Rd6 Ra5 26.Qb2 Ne7 27.Bxb6 axb6 28.Bxf3 Rxf3
29.Ne4 Qxh3 30.Rd8+ Rf8 31.Rxf8+ Kxf8 32.Qf6+ Ke8 33.Re1 {#r} 1-0

[Event "Bundesliga B Mitte 2006/07"]
[Site "masterchessopen.com Austria"]
[Date "2007.03.04"]
[Round "9"]
[White "Bukal Vladimir Jr (CRO)"]
[Black "Wittmann Walter (AUT)"]
[Result "1-0"]
[WhiteElo "2441"]
[BlackElo "2304"]

1.d4 Nf6 2.c4 g6 3.g3 Bg7 4.Bg2 d5 5.cxd5 Nxd5 6.e4 Nb6 7.Ne2 O-O 8.O-O Nc6
9.d5 Na5 10.Nbc3 c6 11.b3 cxd5 12.exd5 e6 13.Ba3 Re8 14.d6 Bd7 15.Ne4 Bb5
16.Rc1 Nd5 17.Re1 Rc8 18.Rxc8 Qxc8 19.Nd4 Bd7 20.Nc5 b6 21.Nxd7 Qxd7 22.Bxd5
exd5 23.Re7 Rxe7 24.dxe7 Qe8 25.Nb5 {#r} 1-0

[Event "Ch Schleswig Holstein (VM)"]
[Site "masterchessopen.com Itzehoe (Germany)"]
[Round "2"]
[White "Hass Manfred (GER)"]
[Black "Jacobsen Uwe (GER)"]
[Result "1-0"]
[WhiteElo "1935"]
[BlackElo "1913"]

1.c4 g6 2.g3 Bg7 3.Bg2 Nf6 4.d4 d5 5.cxd5 Nxd5 6.e4 Nb6 7.Ne2 O-O 8.O-O c5
9.dxc5 Qxd1 10.Rxd1 Na4 11.Nbc3 Nxc3 12.Nxc3 Nc6 13.Be3 Bg4 14.f3 Be6 15.Nd5
Rad8 16.Rab1 Bxd5 17.exd5 Nb4 18.f4 Rd7 19.a3 Na6 20.b4 Nc7 21.c6 bxc6 22.dxc6
Rxd1+ 23.Rxd1 Nb5 24.Rd7 e6 25.a4 Nc3 26.Rxa7 Nd5 27.Bc5 Rc8 28.b5 Bf6 29.b6
Rxc6 30.Ra8+ Kg7 31.Bf8+ Kg8 32.Bh6+ {#r} 1-0

[Event "Ch Europe"]
[Site "masterchessopen.com Dresden (Germany)"]
[Date "2007.04.03"]
[Round "1"]
[White "Vaganian Rafael A (ARM)"]
[Black "Moor Roger (SUI)"]
[Result "1-0"]
[WhiteElo "2600"]
[BlackElo "2367"]

1.d4 Nf6 2.c4 g6 3.g3 Bg7 4.Bg2 d5 5.cxd5 Nxd5 6.e4 Nb6 7.Ne2 e5 8.d5 c6
9.Nbc3 cxd5 10.exd5 Bg4 11.b3 O-O 12.Ba3 Re8 13.Rc1 Na6 14.O-O Rc8 15.d6 e4
16.Qd2 Nc5 17.Nf4 Bf3 18.Nb5 Bxg2 19.Kxg2 Ne6 20.Nxe6 Rxe6 21.Rxc8 Nxc8 22.Rc1
Re5 23.d7 Nb6 24.Nxa7 {#r} 1-0

[Event "Ch Region (qual.)"]
[Site "masterchessopen.com Porto (Portugal)"]
[Date "2007.04.04"]
[Round "4"]
[White "Pinto Manuel T (POR)"]
[Black "Castro Carlos Monteiro (POR)"]
[Result "1-0"]
[WhiteElo "1884"]
[BlackElo "1640"]

1.d4 Nf6 2.c4 g6 3.g3 Bg7 4.Bg2 d5 5.cxd5 Nxd5 6.e4 Nb6 7.Ne2 O-O 8.O-O Nc6
9.Be3 Nc4 10.b3 Nxe3 11.fxe3 e6 12.Nbc3 Ne7 13.Rc1 c6 14.Kh1 Qa5 15.Na4 Qg5
16.Nf4 e5 17.dxe5 Bxe5 18.Rc5 f6 19.Qc1 Qh6 20.Qe1 b5 21.Nc3 Bd6 22.Nd3 a5
23.Rxb5 cxb5 24.e5 Ra6 25.exd6 Rxd6 26.Nf4 b4 27.Nb5 Rb6 {#r} 1-0

[Event "Ch Europe"]
[Site "masterchessopen.com Dresden (Germany)"]
[Date "2007.04.09"]
[Round "7"]
[White "Kempinski Robert (POL)"]
[Black "Nechepurenko Roman V (RUS)"]
[Result "1-0"]
[WhiteElo "2596"]
[BlackElo "2500"]

1.d4 Nf6 2.c4 g6 3.g3 Bg7 4.Bg2 d5 5.cxd5 Nxd5 6.e4 Nb6 7.Ne2 c5 8.d5 e6 9.O-O
exd5 10.exd5 O-O 11.Nbc3 Na6 12.h3 Re8 13.g4 Nc4 14.b3 Nd6 15.Bf4 b6 16.Qd2
Bb7 17.Rad1 Nc7 18.a4 Qd7 19.Rfe1 Rad8 20.Bg5 Rc8 21.a5 bxa5 22.Ng3 Bd4
23.Nce2 Bg7 24.Qxa5 Ncb5 25.Bf4 c4 26.Qa4 Be5 27.Bxe5 Rxe5 28.Nd4 Rxe1+
29.Rxe1 cxb3 30.Nxb3 Rc4 31.Qa1 Rc3 32.Nd2 Rc8 33.Nde4 Ne8 34.Rd1 Qe7 35.g5
Rd8 36.Re1 Qf8 37.Qa5 Nbc7 38.d6 Ne6 39.Qxa7 Bxe4 40.Nxe4 Rxd6 41.Nxd6 Nxd6
42.h4 Nf5 43.Bd5 Nf4 44.Rb1 Qe7 45.Rb8+ {#r} 1-0

[Event "It (cat.9)"]
[Site "masterchessopen.com Budapest (Hungary)"]
[Date "2007.04.10"]
[Round "4"]
[White "Ilincic Zlatko (SRB)"]
[Black "Antal Gergely (HUN)"]
[Result "0-1"]
[WhiteElo "2545"]
[BlackElo "2456"]

1.d4 Nf6 2.c4 g6 3.g3 Bg7 4.Bg2 d5 5.cxd5 Nxd5 6.e4 Nb6 7.Ne2 c5 8.d5 e6 9.O-O
O-O 10.Nbc3 Na6 11.h4 exd5 12.exd5 Bf5 13.Bg5 Qd7 14.d6 Rfe8 15.Be7 Nc8 16.Nd5
Nxd6 17.Bf6 Nc7 18.Nef4 Nxd5 19.Nxd5 Be4 20.Bxg7 Kxg7 21.h5 Qc6 22.Qd2 Qxd5
23.Qxd5 Bxd5 24.Bxd5 Re7 25.hxg6 hxg6 26.Rfc1 Rc8 27.a4 b6 28.a5 b5 29.a6 Re2
30.b3 Kf6 31.Rc3 Rd2 32.Bg2 Rc7 33.Ba8 b4 34.Rf3+ Kg7 35.g4 Nb5 36.Rh3 c4
37.bxc4 Rxc4 38.Rb3 Rxg4+ 39.Kf1 Rf4 40.f3 Rh4 41.Kg1 Nd4 42.Rbb1 Ne2+ 43.Kf2
Nc3+ 44.Kg3 Rh8 45.Rxb4 Rxa8 {#R} 0-1

[Event "It (cat.7)"]
[Site "masterchessopen.com Budapest (Hungary)"]
[Date "2007.05.11"]
[Round "8"]
[White "Ilincic Zlatko (SRB)"]
[Black "Wittmann Walter (AUT)"]
[Result "1-0"]
[WhiteElo "2545"]
[BlackElo "2304"]

1.d4 Nf6 2.c4 g6 3.g3 Bg7 4.Bg2 d5 5.cxd5 Nxd5 6.e4 Nb6 7.Ne2 O-O 8.Nbc3 c5
9.d5 e6 10.O-O exd5 11.exd5 Bf5 12.Ne4 Bxe4 13.Bxe4 Na6 14.d6 Qd7 15.Nc3 Nb4
16.Be3 Nc4 17.Bxc5 Na6 18.Be3 Nxe3 19.fxe3 Nc5 20.Qd5 Rac8 21.Bg2 Bxc3 22.bxc3
Rfe8 23.e4 Ne6 24.c4 Rc5 25.Qd3 Rec8 26.Rae1 Re5 27.Rd1 Nc5 28.Qd4 Rce8 29.Rf4
b6 30.Rdf1 f6 31.Rxf6 Nxe4 32.Bxe4 Rxe4 33.Qd5+ R8e6 34.Rf8+ Kg7 35.R8f7+ {#r}
1-0

[Event "It (open)"]
[Site "masterchessopen.com Klatovy (Czech Republic)"]
[Date "2007.07.08"]
[Round "9"]
[White "Vedral Oldrich (CZE)"]
[Black "Hlavac Rudolf (CZE)"]
[Result "1-0"]
[WhiteElo "2213"]
[BlackElo "2106"]

1.d4 Nf6 2.g3 g6 3.Bg2 d5 4.c4 Bg7 5.cxd5 Nxd5 6.e4 Nb6 7.Ne2 e5 8.d5 c6
9.Nbc3 O-O 10.Qb3 Qd6 11.O-O Kh8 12.Rd1 Na6 13.Be3 cxd5 14.exd5 f5 15.Nb5 Qb4
16.Nxa7 Qxb3 17.axb3 Nd7 18.Nb5 Rb8 19.d6 h6 20.Nc7 Nf6 21.Ba7 Bd7 22.Bxb8
Rxb8 23.Nxa6 bxa6 24.Rxa6 Bb5 25.Ra8 Rxa8 26.Bxa8 Bxe2 27.d7 {#r} 1-0

[Event "Memorial M.Najdorf (open)"]
[Site "masterchessopen.com Grodzisk Mazowiecki (Poland)"]
[Date "2007.07.22"]
[Round "3"]
[White "Sliwerski Radoslaw (POL)"]
[Black "Przezdziecka Marta (POL)"]
[Result "0-1"]
[WhiteElo "2215"]
[BlackElo "2259"]

1.d4 Nf6 2.c4 g6 3.g3 Bg7 4.Bg2 d5 5.cxd5 Nxd5 6.e4 Nb6 7.Ne2 c5 8.d5 e6 9.O-O
O-O 10.Nec3 Na6 11.a4 exd5 12.exd5 Nc4 13.Nd2 Nxd2 14.Bxd2 Nb4 15.Ne4 b6
16.Qb3 a5 17.Bg5 f6 18.d6+ Kh8 19.Nxf6 Bxf6 20.Bxf6+ Qxf6 21.Bxa8 Be6 22.Qc3
Qxc3 23.bxc3 Rxa8 24.cxb4 axb4 25.Rfe1 Bf5 26.Rad1 Bd7 27.Re7 Rd8 28.a5 bxa5
29.Re5 a4 30.Rxc5 b3 31.Ra5 Kg8 32.Ra1 Rb8 33.Ra7 b2 34.Rb1 Bf5 35.Rxb2 Rxb2
36.Rxa4 Rb7 37.g4 Bd7 38.h4 Bxa4 {#R} 0-1

[Event "It (open)"]
[Site "masterchessopen.com Pardubice (Czech Republic)"]
[Date "2007.07.28"]
[Round "9"]
[White "Mochalov Evgeny V (BLR)"]
[Black "Kalod Radek (CZE)"]
[Result "0-1"]
[WhiteElo "2446"]
[BlackElo "2492"]

1.d4 Nf6 2.c4 g6 3.g3 Bg7 4.Bg2 d5 5.cxd5 Nxd5 6.e4 Nb6 7.Ne2 O-O 8.O-O Nc6
9.d5 Na5 10.Nbc3 c6 11.b3 f5 12.Bg5 h6 13.Be3 fxe4 14.Bxe4 Bf5 15.Bxf5 Rxf5
16.Nd4 Bxd4 17.Qxd4 cxd5 18.Bxh6 e5 19.Qd3 e4 20.Qd4 Qd7 21.f4 Nc6 22.Qd1 Re8
23.Re1 Rh5 24.Bg5 Qh3 25.Re2 d4 26.Nb5 d3 27.Rg2 Qd7 28.b4 a6 29.Qb3+ Kh7
30.g4 Rxg5 31.fxg5 axb5 32.Rf1 Nc4 33.Rgf2 N6e5 34.Rg2 Ne3 {#R} 0-1

[Event "It \"]
[Site "masterchessopen.com Petach Tikva (Israel)"]
[Round "4"]
[White "Kantsler Boris (ISR)"]
[Black "Popilski Gil (ISR)"]
[Result "1-0"]
[WhiteElo "2509"]
[BlackElo "2193"]

1.d4 Nf6 2.c4 g6 3.g3 Bg7 4.Bg2 d5 5.cxd5 Nxd5 6.e4 Nb6 7.Ne2 c5 8.d5 O-O
9.O-O e6 10.Nbc3 exd5 11.exd5 Bf5 12.Ne4 Na6 13.Bg5 f6 14.Bf4 Bxe4 15.Bxe4 f5
16.Bg2 g5 17.Bc1 h6 18.h4 Qf6 19.hxg5 hxg5 20.Nc3 Rad8 21.Qh5 Bh6 22.Re1 Nc7
23.Be3 Na6 24.Rad1 Rfe8 25.Bd4 Rxe1+ 26.Rxe1 Qxd4 27.Qxh6 Qg7 28.Qxg7+ Kxg7
29.Re7+ Kf6 30.Rxb7 Rd7 31.Rxd7 Nxd7 32.a3 Nc7 33.d6 Ne8 34.Nb5 a6 35.Nc7 Nxd6
36.Nxa6 c4 37.Kf1 Ne5 38.Nc5 Nd3 39.Nxd3 cxd3 40.Ke1 Nc4 41.Bd5 Nxb2 42.Bb3
Ke5 43.Kd2 Kd4 44.a4 {#r} 1-0